Field-effect transistors (Record no. 23498)

000 -LEADER
fixed length control field 00539nam a22002057a 4500
001 - CONTROL NUMBER
control field 23498
003 - CONTROL NUMBER IDENTIFIER
control field BD-DhUET
008 - FIXED-LENGTH DATA ELEMENTS--GENERAL INFORMATION
fixed length control field 150504b xxu||||| |||| 00| 0 eng d
040 ## - CATALOGING SOURCE
Transcribing agency DLC
Modifying agency BD-DhUET
082 ## - DEWEY DECIMAL CLASSIFICATION NUMBER
Classification number 623.8151
Item number SEV/1965
100 ## - MAIN ENTRY--PERSONAL NAME
Personal name Sevin, Leonce J.
245 ## - TITLE STATEMENT
Title Field-effect transistors
250 ## - EDITION STATEMENT
Edition statement 1st ed.
260 ## - PUBLICATION, DISTRIBUTION, ETC. (IMPRINT)
Place of publication, distribution, etc. New York
Name of publisher, distributor, etc. McGraw-Hill
Date of publication, distribution, etc. 1965
300 ## - PHYSICAL DESCRIPTION
Extent viii, 130p.
490 ## - SERIES STATEMENT
Series statement Texas instruments electronics series
504 ## - BIBLIOGRAPHY, ETC. NOTE
Bibliography, etc Includes bibliographies
650 #0 - SUBJECT ADDED ENTRY--TOPICAL TERM
Topical term or geographic name as entry element Transistors : Electronics
942 ## - ADDED ENTRY ELEMENTS (KOHA)
Koha item type General Book
Holdings
Koha date last seen Location (home branch) Koha item type Date acquired Shelving location Withdrawn status Koha normalized classification for sorting Sublocation or collection (holding branch) Lost status Koha full call number Source of classification or shelving scheme Copy number Damaged status Price effective from Piece designation (barcode) Not for loan
2015-05-04Central Library, BUETGeneral Book2015-05-04Circulation section 623_815100000000000_SEV_1965Central Library, BUET 623.8151/SEV/1965 1 2015-05-049961 
2015-05-04Central Library, BUETGeneral Book2015-05-04Circulation section 623_815100000000000_SEV_1965Central Library, BUET 623.8151/SEV/1965 2 2015-05-049962 
2015-05-04Central Library, BUETGeneral Book2015-05-04Circulation section 623_815100000000000_SEV_1965Central Library, BUET 623.8151/SEV/1965 3 2015-05-0444418 
2015-05-04Central Library, BUETGeneral Book2015-05-04Circulation section 623_815100000000000_SEV_1965Central Library, BUET 623.8151/SEV/1965 4 2015-05-0444419 
2015-05-05Central Library, BUETGeneral Book2015-05-05Circulation section 623_815100000000000_SEV_1965Central Library, BUET 623.8151/SEV/1965 5 2015-05-059960